<?xml version="1.0" encoding="UTF-8"?>
<collection xmlns="http://www.loc.gov/MARC21/slim">
 <record>
  <leader>01384nam a22001811  4500</leader>
  <controlfield tag="001">1/21665</controlfield>
  <controlfield tag="008">010119s2000    gr d     bm         gre d</controlfield>
  <datafield tag="035" ind1=" " ind2=" ">
   <subfield code="l">22365</subfield>
  </datafield>
  <datafield tag="040" ind1=" " ind2=" ">
   <subfield code="a">GR-PeUP</subfield>
  </datafield>
  <datafield tag="082" ind1="0" ind2="0">
   <subfield code="a">636.2 ΓΚ</subfield>
  </datafield>
  <datafield tag="100" ind1="1" ind2=" ">
   <subfield code="a">Γκίζας, Κωνσταντίνος Σ.</subfield>
  </datafield>
  <datafield tag="245" ind1="1" ind2="0">
   <subfield code="a">Στρατηγικές ομάδες : ανάλυση του υποκλάδου των γαλακτοκομικών προϊόντων :</subfield>
   <subfield code="b">ανάλυση του εξωτερικού περιβάλλοντος του υποκλάδου, καταγραφή της υπάρχουσας κατάστασης στην Ελληνική Βιομηχανία Γάλακτος και εφαρμογή του υποδείγματος των πέντε δυνάμεων του M. Porter στη μεγαλύτερη στρατηγική ομάδα του υποκλάδου /</subfield>
   <subfield code="c">Κωνσταντίνος Σ. Γκίζας</subfield>
  </datafield>
  <datafield tag="260" ind1=" " ind2=" ">
   <subfield code="a">Πειραιάς :</subfield>
   <subfield code="b">[χ.ό.],</subfield>
   <subfield code="c">2000.</subfield>
  </datafield>
  <datafield tag="300" ind1=" " ind2=" ">
   <subfield code="a">iv, 188 σ. :</subfield>
   <subfield code="b">πιν. ;</subfield>
   <subfield code="c">30 εκ.</subfield>
  </datafield>
  <datafield tag="502" ind1=" " ind2=" ">
   <subfield code="a">Διπλωματική (Δ.Ε.) - Πανεπιστήμιο Πειραιώς, 2000</subfield>
  </datafield>
  <datafield tag="650" ind1=" " ind2="4">
   <subfield code="a">Διατριβές.</subfield>
  </datafield>
  <datafield tag="650" ind1=" " ind2="4">
   <subfield code="a">Γαλακτοκομικά προϊόντα</subfield>
   <subfield code="x">Βιομηχανία και εμπόριο</subfield>
   <subfield code="z">Ελλάδα.</subfield>
  </datafield>
  <datafield tag="852" ind1=" " ind2=" ">
   <subfield code="a">INST</subfield>
   <subfield code="b">UNIPILB</subfield>
   <subfield code="c">DISS</subfield>
   <subfield code="e">20040709</subfield>
   <subfield code="h">636.2 ΓΚ</subfield>
   <subfield code="p">00135674</subfield>
   <subfield code="q">00135674</subfield>
   <subfield code="t">NOLOAN</subfield>
   <subfield code="y">23</subfield>
   <subfield code="4">1</subfield>
  </datafield>
 </record>
</collection>
